DIVING GUIDE TO THE RED SEA WRECKS / (Record no. 13278)
[ view plain ]
| 000 -الفاتح | |
|---|---|
| حقل البيانات ثابتة الطول | 00623nam a2200241Ia 4500 |
| 008 - عناصر البيانات ثابتة الطول - معلومات عامة | |
| حقل البيانات ثابتة الطول | 140319s9999 xx 000 0 eng d |
| 040 ## - مصدر الفهرسة | |
| وكالة الفهرسة الأصلية | GCL / |
| وكالة النسخ | GCL |
| 082 04 - رقم تصنيف ديوى العشرى | |
| رقم التصنيف | 622.17 |
| رقم المادة | G D |
| 100 1# - المدخل الرئيسى - إسم شخصى | |
| الإسم الشخصى | RINALDI, ROBERTO |
| 245 10 - بيان العنوان | |
| العنوان | DIVING GUIDE TO THE RED SEA WRECKS / |
| بيان المسئوليه,etc | RINALDI, ROBERTO |
| 700 1# - المدخل الاضافى - اسم شخصى | |
| الإسم الشخصى | AMSLER, KURT |
| 700 1# - المدخل الاضافى - اسم شخصى | |
| الإسم الشخصى | GHISOTTI, ANDREA |
| 700 1# - المدخل الاضافى - اسم شخصى | |
| الإسم الشخصى | BICCISTO, MASSIMO |
| 700 1# - المدخل الاضافى - اسم شخصى | |
| الإسم الشخصى | PAOLILLO, VINCENZO |
| 700 1# - المدخل الاضافى - اسم شخصى | |
| الإسم الشخصى | ROSSETTI, PAOLO |
| 300 ## - الوصف المادى | |
| التعداد | 139 P |
| 650 04 - المدخل الاضافى بالموضوع-مصطلح موضوعى | |
| مصطلح موضوعي | RED SEA |
| 650 04 - المدخل الاضافى بالموضوع-مصطلح موضوعى | |
| مصطلح موضوعي | DIVING |
| 650 04 - المدخل الاضافى بالموضوع-مصطلح موضوعى | |
| مصطلح موضوعي | WRECKS |
| 942 ## - عناصر المدخل الإضافي( كوها) | |
| مصدر التصنيف او مخطط الترفيف | Dewey Decimal Classification |
| Koha [default] item type | كتاب |
| 260 ## - PUBLICATION, DISTRIBUTION, ETC. (IMPRINT) | |
| -- | [S.N] : |
| -- | A. A. GODDIS AND SONS PUBLISHERS |
| حالة التراجع | حالة الفقد | حالة تلف | ليس للاعارة | المكان المؤقت | الموقع الحالى | تاريخ الاكتساب | اجمالي اﻻعارات | رقم الطلب | الباركود | تاريخ اخر مشاهدة | تاريخ تفعيل السعر | نوع وعاء كوها |
|---|---|---|---|---|---|---|---|---|---|---|---|---|
| مكتبة القاهرة الكبرى | مكتبة القاهرة الكبرى | 03/26/2014 | 622.17\G D | 25504 | 03/26/2014 | 03/26/2014 | كتاب | |||||
| مكتبة القاهرة الكبرى | مكتبة القاهرة الكبرى | 03/26/2014 | 622.17\G D | 25505 | 03/26/2014 | 03/26/2014 | كتاب |

